000 00979cam a22002651i 4500
003 SA-RiAUC
005 20251021075347.0
008 251020s1996 su g 000r0dara c
040 _aSA-RiAUC
_bara
_cSA-RiAUC
_erda
043 _aa-ii---
082 0 4 _a915.4
_qSA-RiAUC
090 _a915.4
_bب ص ي
100 1 _aالبصيص، عبد العزيز بن عبد الله بن محمد.
_eمؤلف.
245 1 0 _aتسعة أيام في الهند /
_cتأليف عبد العزيز بن عبد الله بن محمد البصيص.
250 _aالطبعة الأولى.
264 1 _aالرياض :
_bدار ابن حزم،
_c1996
300 _a35 صفحة ؛
_c17 سم
336 _aنص
_btxt
_2rdacontent
_3كتاب
337 _aبدون وسيط
_bn
_2rdamedia
338 _aمجلد
_bnc
_2rdacarrier
650 7 _aالإسلام
_zالهند
_2aucsh
653 _aجغرافيا ورحلات
942 _2ddc
_cBOOK
_n0
949 _aSA-JeALM
_d251020
_umohamedma123
_n1
999 _c12672
_d12672